| 000 | 00526nam a2200169 a 4500 | ||
|---|---|---|---|
| 005 | 20140412111254.0 | ||
| 008 | 010116s19uu xx 00 eng d | ||
| 050 |
_aER _bCh461 1987 |
||
| 100 | _aResnick, Jane | ||
| 245 |
_aA Christmas carol / _cadapted by Jane Resnick ; illustrated by Mel Crawford. |
||
| 260 |
_aNew York : _bModern Publishing, _c1987. |
||
| 300 | _a[20] p. ; ill. | ||
| 440 | _aA Sight 'N Sound Book | ||
| 650 | _aChristmas stories - Fiction | ||
| 650 | _aChildren's stories - Fiction | ||
| 999 |
_c103211 _d103211 |
||